• 首页
  • 本馆介绍
  • 公告通知
  • 最新文献
  • 馆藏检索
  • 电子资源
  • 读者导购
  • 参考咨询
  • 我的图书馆
  • 登录
  • 详细信息显示
  • 放入我的书架
  • 预约/预借图书
  • 作者相关作品
  • 分类相关作品
  • 丛书相关作品
  • 出版社相关作品

书目信息

  • 表格格式
  • 工作单格式
  • 卡片格式
题名:
文治大宋
    
 
作者: 张呈忠 著
分册:  
出版信息: 北京   电子工业出版社  2011.4
页数: xiv, 224页
开本: 24cm
丛书名:
单 册:
中图分类: K244.03
科图分类:
主题词: 文化史--中国--宋代--通俗读物
电子资源:
ISBN: 978-7-121-13012-0
000 00838nam0 2200229 45
001 1360547546
005 20130603091500.42
010    @a978-7-121-13012-0@dCNY28.00
100    @a20130513d2011 em y0chiy0110 ea
101 0  @achi
102    @aCN@b110000
105    @ay z 000yy
106    @ar
200 1  @a文治大宋@AWen Zhi Da Song@f张呈忠著@FZhang Cheng Zhong Zhu
210    @a北京@c电子工业出版社@d2011.4
215    @axiv, 224页@d24cm
330    @a宋代是我国古代文化最为繁盛的时代,历史学家陈寅恪有“造极于赵宋之世”的说法。《文治大宋》由张呈忠所著,结合宋代的文化环境与文化气氛,从多角度展示大宋三百年在艺术、教育、科技、思想等各方面的伟大成就。
606 0  @a文化史@y中国@z宋代@j通俗读物
690    @aK244.03@v5
701  0 @a张呈忠@AZhang Cheng Zhong@4著
801    @aCN@bTANGWEI@c20130523
905    @b0835200-05@dK244.03@e48@f6
    
    文治大宋/张呈忠著.-北京:电子工业出版社,2011.4
    xiv, 224页;24cm
    
    
    ISBN 978-7-121-13012-0:CNY28.00
    宋代是我国古代文化最为繁盛的时代,历史学家陈寅恪有“造极于赵宋之世”的说法。《文治大宋》由张呈忠所著,结合宋代的文化环境与文化气氛,从多角度展示大宋三百年在艺术、教育、科技、思想等各方面的伟大成就。
●
相关链接 在E读中查询图书 在五车中查询图书 在当当中查询图书 在豆瓣中查询图书


正题名:文治大宋     索取号:K244.03/48         预约/预借

序号 登录号 条形码 馆藏地/架位号 状态 备注
1 0835200   208352003   第二样本阅览室/ [索取号:K244.03/48] 在馆    
2 0835201   208352012   第二借阅区/ [索取号:K244.03/48] 在馆    
3 0835202   208352021   第二借阅区/ [索取号:K244.03/48] 在馆    
4 0835203   208352030   史法系资料室/ [索取号:K244.03/48] 在馆    
5 0835204   208352049   史法系资料室/ [索取号:K244.03/48] 在馆    
6 0835205   208352058   第二借阅区/ [索取号:K244.03/48] 在馆    
唐山师范学院图书馆 欢迎您!
大连网信软件有限公司© 版权所有